000 00533cam a2200193 04500
001 46175
090 _a46175
100 _a19860801d1986 k y0pory5003 ba
101 0 _apor
102 _aPT
200 1 _aA queda dum anjo
_fCamilo Castelo Branco
210 9 _aLisboa
_cEditores Associados
_d[19--?]
215 _a191, [4] p.
_d19 cm
225 2 _aLivros Unibolso
_v6
675 _a821.134.3-31"18"
_vBN
_zpor
700 1 _aCastelo Branco,
_bCamilo,
_f1825-1890
702 1 _aSanta Cruz,
_bMaria de,
_f1941-
_4080
801 0 _aPT
_bBN
_gRPC
990 _cLIVROS